| 000 | 00388nam a2200145Ia 4500 | ||
|---|---|---|---|
| 008 | 210210b1981 xxu||||| |||| 00| 0 eng d | ||
| 020 | _a0 7069 1291 8 | ||
| 082 | _a959 SARS | ||
| 100 | _aSARDESAI (D R). | ||
| 245 | _aSoutheast Asia past and present. | ||
| 260 |
_aNew Delhi. _bVikas Publishing House Pvt Ltd., _c1981 |
||
| 300 | _aviii,485 | ||
| 690 | _aAsian History | ||
| 906 | _a035380 | ||
| 999 |
_c86074 _d86074 |
||